000 00675nas a2200241 4500
001 BR0800621
003 BR-BrBNA
005 20231205111525.0
007 ta
008 230509b bl.|||p| |||| 00| 00por d
040 _aBR-BrBNA
_bpor
_cBiblioteca Nacional de Agricultura
041 _a(Pt)
072 _aL53; L70
100 1 _aBriquet Júnior, R.
245 1 _aO cavalo de carreira e as teorias das idades
650 _aCAVALO
650 _aMELHORAMENTO ANIMAL
650 _aREPRODUÇÃO
650 _aIDADE
773 0 _tVeterinária (Brazil)
_x
_g(Jan-Jun 1962), v. 15(1-2) p. 5-9
_wBR0800621
909 _a202311
_bLúcia
_c55
_dLúcia Elande
942 _2AGRIS
_n0
_cANA
999 _c193169
_d193169